| 000 | 00391 a2200169 4500 | ||
|---|---|---|---|
| 001 | 46370 | ||
| 020 | _a9788516069520 | ||
| 040 | _cAnchieta - Aquarius | ||
| 100 | _aCamargo, Maria Amália | ||
| 240 | 1 | 0 |
_aTanto-faz-como-tanto-fez _lpor |
| 245 | 1 | 0 | _aTanto-faz-como-tanto-fez |
| 300 | _a31 | ||
| 362 | 0 | _a2011 | |
| 440 | 1 | _aModerna | |
| 650 | 4 | _aLiteratura infanto-juvenil | |
| 942 | _cBK | ||
| 999 |
_c46370 _d46370 |
||